000 01031nam a22002537a 4500
005 20240530110337.0
008 141020s2011 ua gr 000 0 ara d
017 _a7029/2010
020 _a9789773286875
040 _aEG-CaGPL
082 0 4 _221
_a347.09\
_bم ت
100 0 _aمحمد مأمون سليمان
245 1 2 _aالتحكيم الالكترونى :
_bالتجاره الالكترونية : اتفاق التحكيم : عملية التحكيم : حكم التحكيم /
_cمحمد مأمون سليمان
250 _aط1
260 _aالاسكندرية :
_bدار الجامعة الجديدة ،
_c2011 .
300 _a654 ص ؛
_c24 سم
650 0 4 _aالتجارة الالكترونية
650 0 4 _aالتحكيم الالكترونى
650 0 4 _aالتحكيم الالكترونى
_xقوانين وتشريعات
650 0 4 _aالتوثيق الالكترونى
650 0 4 _aالوثائق الالكترونية
942 _2ddc
_cBK
999 _c59805
_d59805